Présence Panchounette, la stratégie de l’anonymat (notice n° 1605518)
[ vue normale ]
| 000 -LEADER | |
|---|---|
| fixed length control field | 01162cam a2200181 4500500 |
| 005 - DATE AND TIME OF LATEST TRANSACTION | |
| control field | 20251228095055.0 |
| 041 ## - LANGUAGE CODE | |
| Language code of text/sound track or separate title | fre |
| 042 ## - AUTHENTICATION CODE | |
| Authentication code | dc |
| 100 10 - MAIN ENTRY--PERSONAL NAME | |
| Personal name | Dufour, Sylvette |
| Relator term | author |
| 245 00 - TITLE STATEMENT | |
| Title | Présence Panchounette, la stratégie de l’anonymat |
| 260 ## - PUBLICATION, DISTRIBUTION, ETC. | |
| Date of publication, distribution, etc. | 2019.<br/> |
| 500 ## - GENERAL NOTE | |
| General note | 82 |
| 520 ## - SUMMARY, ETC. | |
| Summary, etc. | L’anonymat, que peut proposer la structure du collectif d’artistes comme Présence Panchounette, permet des stratégies qui offrent la possibilité de questionner les notions d’œuvre d’art et d’artiste et de renouveler les pratiques artistiques. |
| 520 ## - SUMMARY, ETC. | |
| Summary, etc. | The structure of an artist group like Présence Panchounette offered a degree of anonymity which allowed to question the notions of artwork or artist and to renew artistic practices. |
| 520 ## - SUMMARY, ETC. | |
| Summary, etc. | O anonimato, tal como é reivindicado pelo coletivo de artistas Présence Panchounette, abre o caminho a estratégias que permitem questionar as noções de obra de arte e de artista, e renovar as práticas artísticas. |
| 786 0# - DATA SOURCE ENTRY | |
| Note | Sigila | 43 | 1 | 2019-04-30 | p. 143-149 | 1286-1715 |
| 856 41 - ELECTRONIC LOCATION AND ACCESS | |
| Uniform Resource Identifier | <a href="https://shs.cairn.info/revue-sigila-2019-1-page-143?lang=fr&redirect-ssocas=7080">https://shs.cairn.info/revue-sigila-2019-1-page-143?lang=fr&redirect-ssocas=7080</a> |
Pas d'exemplaire disponible.




Réseaux sociaux